| 000 | 00409nam a2200157Ia 4500 | ||
|---|---|---|---|
| 003 | GCL | ||
| 008 | 140319s9999 xx 000 0 eng d | ||
| 040 |
_aGCL / _cGCL |
||
| 082 | 0 | 4 |
_a443.23 _bB D |
| 100 | 1 | _aBONNEVIE, POUL | |
| 245 | 1 | 0 |
_aDICTIONNAIRE HACHETTE JUNIORS 20000 MOTS / _cBONNEVIE, POUL |
| 260 |
_a[S.N] : _bHACHETTE |
||
| 650 | 0 | 4 | _aDICTIONARIES |
| 650 | 0 | 4 | _aFRENCH DICTIONARY |
| 942 |
_2ddc _cBK |
||
| 999 |
_c22692 _d22692 |
||